| 000 | 00502nam a22001697a 4500 | ||
|---|---|---|---|
| 005 | 20251108180007.0 | ||
| 008 | 250721s2022 xx 000 0 ara d | ||
| 082 | 1 | 4 | _aم/783.0095692/عبد |
| 100 | 1 | _aعبد الملك، أحمد | |
| 245 | 1 | 0 | _aالأغنية القطرية - إتجاهات مختارة / |
| 264 | 1 |
_aالدوحة - قطر : _bوزارة الثقافة، _c2022. |
|
| 300 | _a357ص. | ||
| 650 | 1 | 7 | _aالاغاني |
| 650 | 1 | 7 | _aقطر |
| 942 |
_2ddc _cREF |
||
| 999 |
_c147255 _d147255 |
||